Most Populous Island Cities - Statistics

General Stats
  • This quiz has been taken 24 times
    14 since last reset
  • The average score is 14 of 20
Answer Stats
Population Answer % Correct
17.7m Osaka
92%
41.3m Tokyo
92%
29.8m Jakarta
85%
15.4m London
85%
8.1m Singapore
85%
3.3m Antananarivo
77%
4.1m Birmingham
77%
27.1m Manila
77%
10.2m Taipei
77%
6.3m Manchester
69%
10.5m Nagoya
69%
3.1m Port-au-Prince
69%
6.0m Surabaya
69%
7.0m Bandung
62%
5.0m Colombo
62%
2.9m Fukuoka
54%
4.3m Medan
54%
4.0m Santo Domingo
54%
4.7m Montreal
31%
2.9m Haikou
23%
No matching quizzes found
Score Distribution
Percent of People with Each Score
Percentile by Number Answered
Your Score History
You have not taken this quiz since the last reset